000 00893nmm a2200277 a 4500
001 ocm0001221704
003 TR-IsHL
005 20201028155029.0
008 130625s1999 tu tur
007 cr cn
035 _a1221704
_b(N$T)
050 0 4 _aCC75
_b.F68 1999
090 0 4 _aCC75
_b.F68 1999
100 1 _aFoucault, Michel
245 1 0 _aBilginin arkeolojisi
_h[electronic resource] /
_cMichel Foucault ; çev. Veli Urhan
250 _a1. bs.
260 _aİstanbul :
_bBirey Yayıncılık,
_c1999
300 _a272 p.
650 4 _aFelsefe, Psikoloji ve Din
650 4 _aPhilosophy, Psychology and Religion
650 0 _aArkeoloji
_x Metodoloji
650 0 _aArchaeology
_x Methodology
650 7 _aPHILOSOPHY / General
_2bisacsh
700 1 _aUrhan, Veli
856 4 0 _uhttp://search.ebscohost.com/login.aspx?direct=true&scope=site&db=e011xww&AN=1221704
999 _c12877
_d12877